Statistiche per Paesi più vicini a Nauru

Clicka qui per fare il quiz!

Statistiche generali

  • Questo quiz è stato fatto 56 volte
  • Il punteggio medio è 15 su 20

Statistiche sulle risposte

kmnazione% Corretto
2863Australia
94%
3820Nuova Zelanda
94%
2892Indonesia
92%
598Isole Marshall
90%
1104Isole Salomone
90%
1160Tuvalu
90%
1737Figi
88%
776Micronesia
88%
3692Palau
88%
288Kiribati
86%
1392Papua Nuova
Guinea
86%
2662Samoa
86%
2544Tonga
84%
1397Vanuatu
82%
4561Filippine
78%
4478Timor-Leste
73%
5132Giappone
55%
4342Stati Uniti
51%
3219Isole Cook
14%
3255Niue
14%

Distribuzione punteggi

Percentile per numero di risposta

Percentuale di utenti per punteggio

I tuoi punteggi nel tempo

Non hai fatto questo quiz